书目信息 |
| 题名: |
高考改革“豫”论
|
|
| 作者: | 朱玉山 主编 | |
| 分册: | ||
| 出版信息: | 郑州 海燕出版社 2017 |
|
| 页数: | 206页 | |
| 开本: | 24cm | |
| 丛书名: | ||
| 单 册: | ||
| 中图分类: | G647.32 | |
| 科图分类: | ||
| 主题词: | 高等学校--招生制度--教育改革--研究--河南 | |
| 电子资源: | ||
| ISBN: | 978-7-5350-7153-8 | |
| 000 | 00990nam0 2200229 450 | |
| 001 | 012001000780 | |
| 005 | 20131024173400.0 | |
| 010 | @a978-7-5350-7153-8@dCNY38.00 | |
| 100 | @a20171018d2017 em y0chiy50 ea | |
| 101 | 0 | @achi |
| 102 | @aCN@b410000 | |
| 105 | @ay z 000yy | |
| 106 | @ar | |
| 200 | 1 | @a高考改革“豫”论@9gao kao gai ge “ yu ” lun@e深化河南省考试招生制度改革探析@f朱玉山主编 |
| 210 | @a郑州@c海燕出版社@d2017 | |
| 215 | @a206页@d24cm | |
| 330 | @a本书主要是对深化考试招生制度改革的政策解读,分析改革必要性、价值性、现实性,探讨改革理论及其应用。内容包括基础研究、考试综合治理改革、分类考试招生改革、促进区域和城乡学生升学公平、完善普通高中学业水平考试制度、规范普通高中学生综合素质评价实施、推进招生录取机制改革以及深化河南省考试招生制度改革的宏观性建议等。 | |
| 606 | 0 | @a高等学校@x招生制度@x教育改革@x研究@y河南 |
| 690 | @aG647.32@v5 | |
| 701 | 0 | @a朱玉山@9zhu yu shan@f(1959-)@4主编 |
| 801 | 0 | @aCN@b江苏凤凰@c20191020 |
| 905 | @b1221300-3@dG647.32@e1505@f4 | |
| 高考改革“豫”论:深化河南省考试招生制度改革探析/朱玉山主编.-郑州:海燕出版社,2017 |
| 206页;24cm |
| ISBN 978-7-5350-7153-8:CNY38.00 |
| 本书主要是对深化考试招生制度改革的政策解读,分析改革必要性、价值性、现实性,探讨改革理论及其应用。内容包括基础研究、考试综合治理改革、分类考试招生改革、促进区域和城乡学生升学公平、完善普通高中学业水平考试制度、规范普通高中学生综合素质评价实施、推进招生录取机制改革以及深化河南省考试招生制度改革的宏观性建议等。 |
| ● |
| 相关链接 |
|
|
|
|
正题名:高考改革"豫"论
索取号:G647.32/1505
 
预约/预借
| 序号 | 登录号 | 条形码 | 馆藏地/架位号 | 状态 | 备注 |
| 1 | 1221300 | 212213004 | 第一样本阅览室/ [索取号:G647.32/1505] | 在馆 | |
| 2 | 1221301 | 212213013 | 教育系资料室/ [索取号:G647.32/1505] | 在馆 | |
| 3 | 1221302 | 212213022 | 教育系资料室/ [索取号:G647.32/1505] | 在馆 | |
| 4 | 1221303 | 212213031 | 第四借阅区/ [索取号:G647.32/1505] | 在馆 |